[Event "Dar es Salaam op"]
[Site "Dar es Salaam"]
[Date "2013.06.15"]
[Round "3"]
[White "L'Ami, Alina"]
[Black "Raju, JK."]
[Result "1-0"]
[WhiteElo "2345"]
[BlackElo "2124"]
[PlyCount "46"]
[EventDate "2013.06.14"]
[EventType "swiss"]
[EventRounds "6"]
[EventCountry "TAN"]
[SourceTitle "CBM 154 Extra"]
[Source "ChessBase"]
[SourceDate "2013.06.25"]
[SourceVersion "2"]
[SourceVersionDate "2013.06.25"]
[SourceQuality "1"]

1. d4 Nf6 2. c4 e6 3. Nc3 d5 4. Nf3 Nbd7 5. Bf4 c6 6. e3 Bb4 7. a3 Bxc3+ 8. bxc3 dxc4 9. Bxc4 Nb6 10. Bd3 Nbd5 11. Bg5 Nxc3 12. Qc2 Ncd5 13. e4 Ne7 14. 0-0 h6 15. Bd2 b6 16. Rfe1 Bb7 17. Rad1 Nd7 18. Bc3 0-0 19. Qd2 Nb8 20. d5 f6 21. d6 Nc8 22. Bc4 Re8 23. d7 Nxd7 1-0

[Event "New Delhi Parsvnath op 6th"]
[Site "New Delhi"]
[Date "2008.01.18"]
[Round "8"]
[White "Priyadharshan, Kannappan"]
[Black "Raju, JK."]
[Result "1/2-1/2"]
[WhiteElo "2297"]
[BlackElo "2114"]
[PlyCount "127"]
[EventDate "2008.01.13"]
[EventType "swiss"]
[EventRounds "10"]
[EventCountry "IND"]
[SourceTitle "CBM 122 Extra"]
[Source "ChessBase"]
[SourceDate "2008.03.04"]
[SourceVersion "1"]
[SourceVersionDate "2008.03.04"]
[SourceQuality "1"]

1. e4 e6 2. d4 g6 3. h4 h5 4. Bg5 Be7 5. Qd2 d5 6. Nc3 Nf6 7. e5 Nfd7 8. Nf3 a6 9. Nd1 c5 10. c3 Nc6 11. Be2 Qa5 12. Bxe7 Nxe7 13. b4 cxb4 14. cxb4 Qd8 15. Ne3 b5 16. a4 bxa4 17. Rxa4 Bb7 18. 0-0 Kf8 19. Rfa1 Qc8 20. b5 Nb6 21. R4a2 axb5 22. Rxa8 Nxa8 23. Qb4 Qc7 24. Qd6 Kg7 25. Bxb5 Rd8 26. Qxc7 Nxc7 27. Ra7 Rb8 28. Bd7 Kf8 29. Ng5 Ng8 30. g3 Nh6 31. Bc6 Bxc6 32. Rxc7 Be8 33. Nh7+ Kg7 34. Ng5 Kf8 35. Kg2 Rb4 36. Nf3 Bb5 37. Nc2 Ra4 38. Rb7 Bd3 39. Nfe1 Bxc2 40. Nxc2 Nf5 41. Rb8+ Kg7 42. Rc8 Nxd4 43. Nxd4 Rxd4 44. f4 Rc4 45. Rd8 Rc7 46. Kf3 Ra7 47. Ke3 f6 48. exf6+ Kxf6 49. Rf8+ Ke7 50. Rg8 Kf7 51. Rd8 Rb7 52. Kf2 Rb3 53. Kg2 Kf6 54. Rf8+ Kg7 55. Re8 Kf7 56. Rd8 Rb7 57. Kf3 Ra7 58. Kf2 Kf6 59. Rf8+ Rf7 60. Rd8 Ke7 61. Rg8 Kf6 62. Rd8 Kf5 63. Kf3 Rf6 64. Kf2 1/2-1/2

[Event "New Delhi Parsvnath op 6th"]
[Site "New Delhi"]
[Date "2008.01.15"]
[Round "5"]
[White "Abhishek, Das"]
[Black "Raju, JK."]
[Result "0-1"]
[WhiteElo "2337"]
[BlackElo "2114"]
[PlyCount "70"]
[EventDate "2008.01.13"]
[EventType "swiss"]
[EventRounds "10"]
[EventCountry "IND"]
[SourceTitle "CBM 122 Extra"]
[Source "ChessBase"]
[SourceDate "2008.03.04"]
[SourceVersion "1"]
[SourceVersionDate "2008.03.04"]
[SourceQuality "1"]

1. e4 e6 2. d4 g6 3. Nf3 Bg7 4. h4 h5 5. Nc3 d5 6. e5 Ne7 7. Bg5 a6 8. Ne2 c5 9. c3 Nbc6 10. Qd2 Qb6 11. Bxe7 Nxe7 12. Nf4 cxd4 13. cxd4 Bh6 14. g3 Bd7 15. Bd3 Bxf4 16. gxf4 Rc8 17. b3 Nc6 18. Bb1 Qb4 19. Qxb4 Nxb4 20. Kd2 Ke7 21. a3 Nc6 22. Bd3 Na5 23. Bc2 Rc7 24. Rhc1 Rhc8 25. Bd1 Bb5 26. Rxc7+ Rxc7 27. Bc2 Be2 28. Nh2 Nc6 29. Ke3 Nxd4 30. Kxd4 Rxc2 31. a4 a5 32. Nf1 Ba6 33. Ke3 Rc3+ 34. Kd2 Rxb3 35. Ng3 Rf3 0-1